000 00450nam a2200157 i 4500
001 22394
003 ES-MaACL
005 20230906152704.0
007 t|
008 021202s1973 sp ||||1| spa d
100 1 _aAlonso-Fernández, Francisco.
_920309
245 1 0 _aPsicología médica y social /
_cFrancisco Alonso-Fernández.
260 _aMadrid :
_bPaz Montalvo,
_c[1973]
300 _a660 p. ;
_c24 cm.
852 _aES-MaACL
_jC-51983
_bR.85632
999 _c22394
_d22394